Política criminal contemporánea

Сохранить в:
Библиографические подробности
Главный автор: Tocora, Fernando (Автор)
Формат:
Язык:испанский
Опубликовано: Bogotá Temis 1997
Редактирование:1a. ed
Предметы:
Метки: Добавить метку
Нет меток, Требуется 1-ая метка записи!

MARC

LEADER 00000cam a2200000 a 4500
001 UCC4850
003 CL-VaPUC
008 180831e19970000ck |||||||||||||||||spa|d
020 |a 9583501468 
082 0 4 |a 345.001  |b TOC  |2 21 
100 0 |a Tocora, Fernando  |e author  |9 599050 
245 1 0 |a Política criminal contemporánea 
250 |a 1a. ed 
300 |a 178 p 
942 |c BK 
945 |d 20180831 12:04:00  |a dcastane 
260 |a Bogotá  |b Temis  |c 1997 
650 7 |a DERECHO PENAL  |2 CL-VaPUC  |9 11 
650 0 |a Teoría del derecho  |9 255982 
650 0 |a Ley penal  |9 256611 
650 0 |a Ciencias del derecho  |9 380726 
583 |a last modification  |c 20180831 12:04:00  |k Rodrigo Vera 
999 |c 372235  |d 372233 
952 |0 0  |1 0  |3 erb  |4 0  |6 345_001000000000000_TOC_1997  |7 0  |8 A  |9 489559  |a BIBDER  |b BIBDER  |e Mateluna Arestizabal, Alfredo Sergio  |i 549074K  |l 1  |o 345.001 TOC 1997  |p 549074K  |r 2025-03-20  |s 2025-03-18  |w 2019-11-24  |y BK  |z Catalogado en:20180831  |k DER